000
00208 a2200097 4500
001
42556
100
_a
Churchill W
245
_a
The second world War
260
_a
London
_b
Cassell
_c
090
_c
26466
_d
26466
942
_a
NUST-CAE
_c
M
_c
18298
999
_c
277629
_d
277629